La crisis mundial de la salud (Record no. 138480)

MARC details
000 -LEADER
campo de control de longitud fija 00655nam a2200181 4500
001 - NÚMERO DE CONTROL
campo de control 138480
003 - IDENTIFICADOR DE NÚMERO DE CONTROL
campo de control ES-MaACL
005 - FECHA Y HORA DE LA ÚLTIMA TRANSACCIÓN
campo de control 20230906195555.0
007 - CAMPO FIJO DE DESCRIPCIÓN FÍSICA--INFORMACIÓN GENERAL
campo de control de longitud fija t|
008 - DATOS DE LONGITUD FIJA--INFORMACIÓN GENERAL
campo de control de longitud fija 070214s1985 sp r ||||1| spa d
100 1# - ENTRADA PRINCIPAL--NOMBRE DE PERSONA
Nombre de persona San Martín, Hernán.
9 (RLIN) 102259
245 13 - MENCIÓN DEL TÍTULO
Título La crisis mundial de la salud
Resto del título : problemas actuales de planificación, organización y gestión de los servicios de salud /
Mención de responsabilidad, etc. Hernán San Martín ; con la participación de José Sarabia Alvarezude.
250 ## - MENCION DE EDICION
Mención de edición 2ª ed.
260 ## - PUBLICACIÓN, DISTRIBUCIÓN, ETC.
Lugar de publicación, distribución, etc. Madrid :
Nombre del editor, distribuidor, etc. Ciencia 3,
Fecha de publicación, distribución, etc. 1985.
300 ## - DESCRIPCIÓN FÍSICA
Extensión 784 p. ;
Dimensiones 21 cm.
700 1# - ENTRADA AGREGADA--NOMBRE PERSONAL
Nombre de persona Sarabia Alvarezude, José.
9 (RLIN) 103735
852 ## - LOCALIZACIÓN
Ubicación ES-MaACL
Número de control de estantería G-1215
Sublocalización o colección R.112897
Holdings
Estatus retirado Estado de pérdida Estado de daño No para préstamo Biblioteca de origen Biblioteca actual Ubicación en estantería Fecha de adquisición Fuente de adquisición Total de préstamos Signatura topográfica completa Código de barras Visto por última vez Precio de reemplazo Tipo de ítem Koha
        Biblioteca del Ateneo de Madrid Biblioteca del Ateneo de Madrid Depósito 2 17/01/2008     G-1215 1144099 23/02/2023 23/02/2023 Libro impreso